| Tag |
First Indicator |
Second Indicator |
Subfields |
| LEADER |
00000cam a2200000 i 4500 |
| 001 |
in00000489813 |
| 005 |
20151013055417.0 |
| 008 |
760421r19751951ii b 00110 eng |
| 010 |
|
|
|a 75904960
|
| 035 |
|
|
|a (OCoLC)02202286
|
| 035 |
|
|
|9 ACC5356AM
|
| 040 |
|
|
|a DLC
|c DLC
|d TXA
|d UtOrBLW
|
| 049 |
|
|
|a TXAM
|c [1414958]
|
| 050 |
0 |
0 |
|a B132.S3
|b C46 1975
|
| 082 |
0 |
|
|a 181/.41
|
| 100 |
1 |
|
|a Chakravarti, Pulinbihari,
|d 1905-
|
| 245 |
1 |
0 |
|a Origin and development of the Samkhya system of thought /
|c by Pulinbihari Chakravarti.
|
| 250 |
|
|
|a 2d ed.
|
| 264 |
|
2 |
|a New Delhi :
|b Oriental Books Reprint Corp. : exclusively distributed by Munshiram Manoharlal Publishers,
|c 1975.
|
| 300 |
|
|
|a viii, 325, xiv pages ;
|c 24 cm.
|
| 336 |
|
|
|a text
|b txt
|2 rdacontent
|
| 337 |
|
|
|a unmediated
|b n
|2 rdamedia
|
| 338 |
|
|
|a volume
|b nc
|2 rdacarrier
|
| 500 |
|
|
|a Reprint of the 1951 edition published by Metropolitan Print. and Pub. House, Calcutta.
|
| 500 |
|
|
|a Includes index.
|
| 504 |
|
|
|a Bibliography: pages [i]-viii.
|
| 650 |
|
0 |
|a Sankhya
|x History.
|
| 999 |
|
|
|a MARS
|
| 999 |
f |
f |
|s c721d201-15a7-38bb-835a-7e7a8a5e1447
|i c7d62185-d1ef-3178-9ffe-5de8b7d7ee97
|t 0
|
| 952 |
f |
f |
|p ric
|a Texas A&M University
|b Rellis Campus
|c Joint Library Facility
|d Remote Storage
|t 0
|e B132.S3 C46 1975
|h Library of Congress classification
|i unmediated -- volume
|m A14801589274
|
| 998 |
f |
f |
|a B132.S3 C46 1975
|t 0
|l Remote Storage
|